Loading...

The divine life/

Bibliographic Details
Main Author: Aurobindo
Format: Printed Book
Published: Pondicherry: Sri Aurobindo Ashram Press, 1997.
Subjects:
LEADER 00637nam a22001811a 4500
020 |a 9788170581871 
082 |a AUR 181.4  |b AUR/L 
100 |a Aurobindo  |9 4298 
245 |a The divine life/  |c by Aurobindo. 
260 |a Pondicherry:  |b Sri Aurobindo Ashram Press,  |c 1997. 
300 |a 1112p. 
500 |a Aurobindo 
650 |a Aurobindo Philosophy  |9 4299 
650 |a Philosophy India  |9 4300 
650 |a Philosophy  |9 4301 
942 |c BK 
999 |c 11059  |d 11059 
952 |0 0  |1 0  |4 0  |6 AUR_181_400000000000000_AUR_L  |7 0  |9 16116  |a SSUS  |b SSUS  |c STACKS  |d 2015-01-08  |g 300.00  |l 9  |o AUR 181.4 AUR/L  |p 032434  |q 2020-03-16  |r 2020-02-29  |s 2020-02-29  |v 0.00  |w 2015-01-08  |y BK